000 01656cam a22004454a 4500
001 muse85000
003 MdBmJHUP
005 20210127151642.0
006 m o d
007 cr||||||||nn|n
008 181112s2008 ru o 00 0 rus d
020 _a9786075640365
020 _z9785201054403
020 _z5201054404
035 _a(OCoLC)1151443349
040 _aMdBmJHUP
_cMdBmJHUP
041 1 _arus
_aspa
_hspa
245 1 0 _aНовая краткая история Мексики
_bNueva historia mínima de México: Ruso /
_cPablo Ėskalante Gonsalʹbo [and 6 others].
264 1 _bInstitut Latinskoĭ Ameriki Rossiĭskoĭ akademi͡a nauk,
264 3 _bProject MUSE,
300 _a1 online resource (1 ressource en ligne)
500 _aNotice chargee pour fin de reperage.
506 0 _aOpen Access
_fUnrestricted online access
_2star
546 _aIn Russian with added title page and preliminaries in Spanish.
588 _aDescription based on print version record.
651 0 _aMexico.
_2fast
_0(OCoLC)fst01211700
651 0 _aMexique
_xHistoire.
655 0 _aElectronic books.
_2lcgft
655 0 _aHistory.
_2fast
_0(OCoLC)fst01411628
655 0 _aElectronic books.
655 7 _aElectronic books.
_2local
700 1 _aEscalante, Pablo,
_d1963-
_eauthor.
710 2 _aProject Muse.
_edistributor
830 0 _aBook collections on Project MUSE.
856 4 0 _zFull text available:
_uhttps://muse.jhu.edu/book/74735/
999 _c26540
_d26540